01856cam a22003251i 4500001000700000003000600007005001700013008004100030010001600071020001500087020001800102035003600120040012500156050002000281082001800301100002200319245011500341260005700456300003100513336002600544337002800570338002700598490001700625504006700642505059800709630002201307655004301329776014001372830001801512383544OCoLC20210222173243.0800124s1961 miub b 001 0ceng  a 61001477 a0310280702 a9780310280705 a(OCoLC)383544z(OCoLC)855189300 aDLCbengcDLCdOCLdSTFdEYMdCIRBCdIGRdOCLCOdOCLCQdOCLCFdSGBdDMLdSJGdOCLCQdOCLdBHBdRNPdBMSdZ5FdPTSdCIRBC 0aBS579.K5bL818A0 a220.92bL818A1 aLockyer, Herbert.10aAll the kings and queens of the Bible :btragedies and triumphs of royalty in past ages /cby Herbert Lockyer. aGrand Rapids :bZondervan Publishing House,c©1961. a253 pages :bmaps ;c24 cm atextbtxt2rdacontent aunmediatedbn2rdamedia avolumebnc2rdacarrier1 a"All" series aIncludes bibliographical references (pages 249-250) and index.0 aIntroduction -- Part one : Bible kings. Mesopotamia and ancient monarchs -- Assyria and Assyrian monarchs, B.C. 1456-615 -- Egypt and Egyptian monarchs -- Babylonia and Babylonian monarchs, B.C. 606-538 -- Persia and Persian monarchs, B.C. 539-331 -- Greece and Grecian monarchs -- Rome and Roman monarchs -- Palestine and Jewish monarchs -- The earth and its perfect Monarch -- Prophetic kings in Bible history -- Symbolic kings in Bible history -- Part two : Bible queens. Introduction -- Gentile queens in Bible history -- Jewish queens in Bible history -- Symbolic queens in Bible history.00aBiblevBiography. 7aBiographies.2fast0(OCoLC)fst0191989608iOnline version:aLockyer, Herbert.tAll the kings and queens of the Bible.dGrand Rapids, Zondervan Pub. House [1961]w(OCoLC)644616946 0aALL (Series)